| 000 -LEADER |
| fixed length control field |
00918nam a22002057a 4500 |
| 005 - DATE AND TIME OF LATEST TRANSACTION |
| control field |
20250710104521.0 |
| 008 - FIXED-LENGTH DATA ELEMENTS--GENERAL INFORMATION |
| fixed length control field |
250710s2019 en ||||| |||| 00| 0 eng d |
| 020 ## - INTERNATIONAL STANDARD BOOK NUMBER |
| International Standard Book Number |
9780190640484 X |
| 041 ## - LANGUAGE CODE |
| Language code of text/sound track or separate title |
eng |
| 080 ## - UNIVERSAL DECIMAL CLASSIFICATION NUMBER |
| Universal Decimal Classification number |
342.4 A-30 |
| 100 ## - MAIN ENTRY--PERSONAL NAME |
| Personal name |
Albert, Richard, |
| 9 (RLIN) |
25634 |
| 245 ## - TITLE STATEMENT |
| Title |
Constitutional amendments : |
| Remainder of title |
making, breaking, and changing constitutions / |
| Statement of responsibility, etc. |
Richard Albert. |
| 264 ## - PRODUCTION, PUBLICATION, DISTRIBUTION, MANUFACTURE, AND COPYRIGHT NOTICE |
| Place of production, publication, distribution, manufacture |
New York : |
| Name of producer, publisher, distributor, manufacturer |
Oxford University Press, |
| Date of production, publication, distribution, manufacture, or copyright notice |
2019. |
| 300 ## - PHYSICAL DESCRIPTION |
| Extent |
x, 338 pages ; |
| Other physical details |
25 cm. |
| 521 ## - TARGET AUDIENCE NOTE |
| Target audience note |
Includes bibliographical references (pages 273-321) and index |
| 653 ## - INDEX TERM--UNCONTROLLED |
| keyword |
Constitutional amendments : making, breaking, and changing constitutions |
| 653 ## - INDEX TERM--UNCONTROLLED |
| keyword |
კონსტიტუციური ცვლილებები: კონსტიტუციების შექმნა, დარღვევა და შეცვლა |
| 653 ## - INDEX TERM--UNCONTROLLED |
| keyword |
სამართალი |
| 942 ## - ADDED ENTRY ELEMENTS (KOHA) |
| Source of classification or shelving scheme |
|
| Koha item type |
წიგნი |